|
|
|
|
| LEADER |
01179nam a2200325Ia 4500 |
| 001 |
EBC3001754 |
| 003 |
MiAaPQ |
| 005 |
20200520144314.0 |
| 006 |
m o d | |
| 007 |
cr cn||||||||| |
| 008 |
030905s2004 nyu s 000 0 eng d |
| 020 |
|
|
|z 0814471919
|
| 035 |
|
|
|a (MiAaPQ)EBC3001754
|
| 035 |
|
|
|a (Au-PeEL)EBL3001754
|
| 035 |
|
|
|a (CaPaEBR)ebr10052858
|
| 035 |
|
|
|a (OCoLC)697770211
|
| 040 |
|
|
|a MiAaPQ
|c MiAaPQ
|d MiAaPQ
|
| 050 |
|
4 |
|a HF5437
|b .P368 2004
|
| 082 |
0 |
4 |
|a 658.7/2
|2 22
|
| 100 |
1 |
|
|a Paquette, Larry.
|
| 245 |
1 |
4 |
|a The sourcing solution
|h [electronic resource] :
|b a step-by-step guide to creating a successful purchasing program /
|c Larry Paquette.
|
| 250 |
|
|
|a 1st ed.
|
| 260 |
|
|
|a New York :
|b American Management Association,
|c 2004.
|
| 300 |
|
|
|a xix, 217 p.
|
| 533 |
|
|
|a Electronic reproduction. Ann Arbor, MI : ProQuest, 2015. Available via World Wide Web. Access may be limited to ProQuest affiliated libraries.
|
| 650 |
|
0 |
|a Purchasing.
|
| 650 |
|
0 |
|a Industrial procurement.
|
| 655 |
|
4 |
|a Electronic books.
|
| 710 |
2 |
|
|a ProQuest (Firm)
|
| 856 |
4 |
0 |
|u https://ebookcentral.proquest.com/lib/matrademy/detail.action?docID=3001754
|z Click to View
|